000 00384nam a2200157Ia 4500
008 221030s9999 xx 000 0 und d
020 _a8170086078
041 _aEnglish
082 _a105.23
100 _aR. K. Rajput
245 0 _aComprehensive Workshop Practice
_cby R. K. Rajput
260 _bLaxmi Pub.
_aNew Delhi
_c2008
300 _a241
650 _aMechanical
942 _cBK
999 _c8968
_d8968